000 01090nac a22003737a 4500
001 BR0401489
003 BR-BrBNA
005 20240105122946.0
008 230509b bl.|||m| |||| 00| 0 por d
040 _aBR-BrBNA
_bpor
_cBiblioteca Nacional de Agricultura
072 _aH20
090 _a1123 BR0401489
100 1 _aPoltronieri, L.S.
100 1 _aTrindade, D.R.
100 1 _aAlbuquerque, F.C. de
100 1 _aDuarte, M. de L.R.
100 1 _aPoltronieri, M.C.
110 1 _aEMBRAPA Amazônia Oriental, Belém, PA (Brasil)
245 1 _aDoenças do maracujazeiro no Estado do Pará
260 3 _aBelém, PA (Brasil):
_c2001.
300 _a37 p.
490 _aDocumentos - EMBRAPA Amazônia Oriental (Brazil)
_vno. 110
_xISSN 1517-2201
500 _a17 illus.; 23 ref.
650 _aMARACUJÁ
650 _aDOENÇA DE PLANTA
650 _aBACTÉRIA
650 _aVÍRUS
650 _aFUNGO
650 _aCONTROLE BIOLÓGICO
650 _aCONTROLE QUÍMICO
650 _aPARÁ
909 _a202312
_bLúcia Elande
_c55
_dLúcia Elande
942 _2AGRIS
_n0
_cMS
999 _c293459
_d293459